000 00273nam a22001217a 4500
003 SGT
082 _a340
_bL08C
100 _aCHESTMAN, SIMON
245 _aLAW & PRACTICE OF THE UNITED NATIONS
260 _bOXFORD UNIVERSITY PRESS
_c2008
300 _a648
942 _2ddc
_cBK
999 _c31856
_d31856